Creating A World Class Organization (Record no. 344456)
[ view plain ]
| 000 -LEADER | |
|---|---|
| fixed length control field | 00454 a2200157 4500 |
| 020 ## - INTERNATIONAL STANDARD BOOK NUMBER | |
| International Standard Book Number | 8175540885 |
| 024 ## - OTHER STANDARD IDENTIFIER | |
| Standard number or code | 9788175540880 |
| 082 ## - DEWEY DECIMAL CLASSIFICATION NUMBER | |
| Classification number | 650.1 |
| 090 ## - LOCALLY ASSIGNED LC-TYPE CALL NUMBER (OCLC); LOCAL CALL NUMBER (RLIN) | |
| -- | 1952 |
| -- | 1952 |
| 100 ## - MAIN ENTRY--PERSONAL NAME | |
| Personal name | Bryan D. Prescott |
| 245 ## - TITLE STATEMENT | |
| Title | Creating A World Class Organization |
| Remainder of title | The Performance Measures of Business Success |
| Statement of responsibility, etc. | Bryan D Prescott |
| 250 ## - EDITION STATEMENT | |
| Edition statement | 2nd |
| 260 ## - PUBLICATION, DISTRIBUTION, ETC. | |
| Place of publication, distribution, etc. | New Delhi |
| Name of publisher, distributor, etc. | Kogan Page India Private Limited |
| Date of publication, distribution, etc. | 1999 |
| 300 ## - PHYSICAL DESCRIPTION | |
| Extent | 150 |
| 942 ## - ADDED ENTRY ELEMENTS (KOHA) | |
| Institution code [OBSOLETE] | NBS |
| Koha item type | Book |
| Call number prefix | 650.1 PRI |
| Withdrawn status | Lost status | Damaged status | Not for loan | Permanent Location | Current Location | Date acquired | Total Checkouts | Full call number | Barcode | Date last seen | Price effective from | Koha item type |
|---|---|---|---|---|---|---|---|---|---|---|---|---|
| Central Library (CL) | Central Library (CL) | 08/28/2013 | 650.1 PRI | NBS3960 | 08/28/2013 | 08/28/2013 | Book |
